000 00649nam a2200217 a 4500
001 000037812
005 20240306073910.0
008 130306s1999 es 000 j spa d
082 _aCu863.2
_bM378e
100 1 _aMartí, José,
_d1853-1895
_9645
245 1 3 _aLa edad de oro.
260 _aMadrid,
_c1999.
300 _a188 p. ;
_c20 cm.
490 1 _aClásicos universales;
_v47
500 _aEdición íntegra
650 4 _aCuentos infantiles cubanos
_9646
650 4 _aLiteratura infantil cubana
_9647
830 0 _aClásicos universales.
_pEdicón íntegra;
_n47
_964262
910 _aValidado. Control de calidad MFF
999 _c37302
_d37302
040 _aDO-SdBNP